| 000 | 00444nam a2200181Ia 4500 | ||
|---|---|---|---|
| 001 | 21312 | ||
| 005 | 20260306172910.0 | ||
| 008 | 260306t1999||||xx |||||||||||||| ||spa|| | ||
| 041 | _aESP | ||
| 082 |
_a344.525L _bP26 |
||
| 100 |
_aParedes Infanzón, Jelio [1962-...] _eAUT |
||
| 245 | 0 | _aDelitos contra el patrimonio | |
| 260 | _c1999 | ||
| 300 |
_a470 páginas : _c23 cm. |
||
| 650 | _aGEN | ||
| 654 | _aCDE | ||
| 942 |
_cLIB _dJUS _fJUS _2ddc _n |
||
| 999 |
_c21312 _d21312 |
||